| 000 | 00539 a2200133 4500 | ||
|---|---|---|---|
| 082 | _aMS-IT-9 | ||
| 100 |
_aRana Faisal Munir _999077 |
||
| 245 |
_aEnhancing semantic rule engine for semantic based web application firewall (SWAF) _cRana Faisal Munir |
||
| 260 |
_aIslamabad _bNUST-SEECS _c2012 |
||
| 300 |
_a79p. _b;ill. _c;27cm.+ _eCD ROM |
||
| 500 | _aSupervisors; Dr. Khalid Latif, Dr. Hafiz Farooq Ahmed, Mr. Ammar Karim, Mr. Muhammad Bilal | ||
| 856 | _uhttp://10.250.8.41:8080/xmlui/handle/123456789/10240 | ||
| 942 |
_cPR _kMS-IT-9 FAI _2ddc |
||
| 999 |
_c11347 _d11347 |
||